Dongeng rakyat dunia 6

Bibliographic Details
Main Author: Yulis Haji Alwi
Format: Book
Published: Kuala Lumpur : DBP , 1994
Series:Novel remaja
Subjects:

MARC

LEADER 00000cam a2200000 7i4500
001 0000006341
002 000006846
005 20000330.0
020 |a 9836224556 
090 0 0 |a JF   |b YUL 
100 0 |a Yulis Haji Alwi 
245 1 0 |a Dongeng rakyat dunia 6   |c Yulis Haji Alwi 
260 |a Kuala Lumpur :   |b DBP ,   |c 1994 
300 |a 117p. ;   |c 18cm. 
490 0 |a Novel remaja 
650 0 0 |a Folk literature 
999 |a 039329   |b BUKU   |c PINJAMAN   |e PERPUSTAKAAN KOMUNITI PETALING JAYA 
999 |a 039330   |b BUKU   |c PINJAMAN   |e PERPUSTAKAAN KOMUNITI CAW KOTA DAMANSARA 
999 |a 055468   |b BUKU   |c PINJAMAN   |e PERPUSTAKAAN KOMUNITI CAW KOTA DAMANSARA 
999 |a 055469   |b BUKU   |c PINJAMAN   |e PERPUSTAKAAN KOMUNITI CAW KOTA DAMANSARA